000 00674nam a2200181Ia 4500
008 090630s9999 xx 000 0 und d
082 _b21185
100 _aपुंडलिक शास्त्री.
245 _aश्री ऋषीपंचमी.
_cपुंडलिक शास्त्री.
260 _bअनिकेत - पुणे.
_c2001
300 _a24
600 _aपुंडलिक शास्त्री.
630 _aश्री ऋषीपंचमी.
655 _aधार्मिक.
700 _aपुंडलिक शास्त्री.
730 _aश्री ऋषीपंचमी.
942 _cBOOK
999 _c273041
_d273041